National Animals 2 - Statistics

General Stats
  • This quiz has been taken 5 times
  • The average score is 2 of 32
Answer Stats
Hint Answer % Correct
Nepal cow
80%
Indonesia komodo dragon
40%
Bangladesh bengal tiger
20%
Finland brown bear
20%
Panama harpy eagle
20%
Estonia wolf
20%
Peru Andean cock-of-the-rock
0%
Colombia Andean condor
0%
Qatar Arabian oryx
0%
Belize Baird's tapir
0%
Zimbabwe bateleur
0%
Bahamas blue marlin
0%
Algeria fennec fox
0%
Albania golden eagle
0%
Uganda grey crowned crane
0%
Antigua and Barbuda hawksbill turtle
0%
Israel hoopoe
0%
Cambodia kouprey
0%
Malaysia Malayan tiger
0%
Pakistan markhor
0%
Croatia marten
0%
Dominican Republic palmchat
0%
Botswana plains zebra
0%
Denmark red squirrel
0%
Guatemala Resplendent quetzal
0%
Mongolia saker falcon
0%
Costa Rica sloth
0%
Sri Lanka Sri Lankan junglefowl
0%
Lebanon striped hyena
0%
Nicaragua turquoise-browed motmot
0%
Lithuania white stork
0%
Honduras white-tailed deer
0%
No matching quizzes found
Score Distribution
Percent of People with Each Score
Percentile by Number Answered
Your Score History
You have not taken this quiz